| 000 | 01540nam0a2200325 4500 | ||
|---|---|---|---|
| 001 | RU\NLR\bibl\1076082 | ||
| 005 | 20260209160832.0 | ||
| 010 |
_a5-85618-153-0 _91000 |
||
| 021 |
_aRU _b2007-16743 _9893 |
||
| 035 | _a(NLR Aleph) 001063282 | ||
| 035 | _a(nilc)RSL-KNO-003082485 | ||
| 090 |
_a952251 _c952251 |
||
| 100 | _a20070321d2006 u y0rusy50 ca | ||
| 101 | 0 | _arus | |
| 102 | _aRU | ||
| 105 | _aa ||||||||| | ||
| 200 | 1 |
_aСборник материалов о результатах единого государственного экзамена 2006 года _iИстория России _fДеп. образования Новосибирской обл., Обл. центр мониторинга образования _g[сост.: Н. П. Юсупова и др.] |
|
| 210 |
_aНовосибирск _cЭкор-книга _d2006 |
||
| 215 |
_a82, [1] с. _cил. _d20 |
||
| 607 |
_aРоссия _jСборники _xИстория _xЕдиный государственный экзамен _yНовосибирская область _92507843 _3RU\NLR\AUTH\661486932 |
||
| 686 | 1 | _aЧ426.32-285я43 | |
| 702 | 1 |
_aЮсупова _bН. П. _4220 |
|
| 712 | 0 | 2 |
_4570 _aНовосибирский областной центр мониторинга образования _9696553 _3RU\NLR\AUTH\8810097745 |
| 801 | 0 |
_aRU _bРКП _c20070321 _grcr |
|
| 801 | 1 |
_aRU _bРГБ _c20070321 |
|
| 801 | 2 |
_aRU _bNLR _c20070420 _grcr |
|
| 942 | _cBOOK | ||
| 980 | _aNB | ||